| 000 | 00883nas a2200289 4500 | ||
|---|---|---|---|
| 001 | BR9205763 | ||
| 003 | BR-BrBNA | ||
| 005 | 20231205100432.0 | ||
| 007 | ta | ||
| 008 | 230509b bl.|||p| |||| 00| 00por d | ||
| 040 |
_aBR-BrBNA _bpor _cBiblioteca Nacional de Agricultura |
||
| 041 | _a(Pt) | ||
| 072 | _aF01; F62 | ||
| 100 | 1 | _aLucchesi, A.A. | |
| 100 | 1 | _aVasconcellos, E.F.C. | |
| 100 | 1 | _aAndrade, M.O. | |
| 100 | 1 | _aGurgel, R.G.A. | |
| 100 | 1 | _aArai, V.J. | |
| 100 | 1 | _aSumi, R.A. | |
| 245 | 1 | _aEfeitos do acido giberelico no desenvolvimento, producao e composicao nutricional da beterraba (Beta vulgaris L.) | |
| 650 | _aAcido Giberelico | ||
| 650 | _aBeterraba | ||
| 650 | _aComposicao Quimica | ||
| 773 | 0 |
_tSolo (Brazil) _xISSN 0584-0821 _g(Jan-Dec 1985), v. 77(1-2) p. 87-99 _wBR9205763 |
|
| 909 |
_a202311 _bLúcia _c55 _dLúcia Elande |
||
| 942 |
_2AGRIS _n0 _cANA |
||
| 999 |
_c156006 _d156006 |
||